| 000 | 02401cam a22005414i 4500 | ||
|---|---|---|---|
| 003 | PE-LiUPU | ||
| 005 | 20250731180142.0 | ||
| 008 | 150706s r 000 0 d | ||
| 020 | _a9706863400 | ||
| 035 | _a(Sirsi) i9789706863409 | ||
| 040 |
_aPE-LiUPU _bspa _cPE-LiUPU _erda |
||
| 049 | _aPRUA | ||
| 082 | 0 | 4 |
_a530 _bS42 _221 |
| 100 | 1 |
_aSerway, Raymond A., _eautor. |
|
| 245 | 1 | 0 |
_aFísica II : _btexto basado en cálculo / _cRaymond A. Serway y John W. Jewett . |
| 250 | _a3a | ||
| 264 | 1 |
_aMéxico : _bThomson, _c2004. |
|
| 300 |
_a544 páginas : _bilustraciones col ; _c27 centímetros |
||
| 336 |
_atext _2rdacontent |
||
| 337 |
_aunmediated _2rdamedia |
||
| 338 |
_avolume _2rdacarrier |
||
| 505 | 0 | _aFísica II -- Rayos -- Fuerzas eléctricas y campos eléctricos -- Potencial eléctrico y capacitancia -- Corriente y circuitos de corriente continua -- Modelo de la atmósfera para determinar el número de rayos que caen -- Vehículos de levitación magnética -- Fuerzas magnéticas y campos magnéticos -- La ley de Faraday y la inductancia -- Vehículos de levitación magnética -- Láseres -- Ondas electromagnéticas -- Reflexión y refracción de la luz -- Formación de imágenes por espejos y lentes -- Óptica ondulatoria -- Utilización de rayos láser para almacenar información -- La conexión cósmica -- Física cuántica -- Física atómica -- Física nuclear -- Física de partículas -- La conexión cósmica. | |
| 526 | _aSEG44 | ||
| 526 | _aSEG26 | ||
| 526 | _aP159 | ||
| 526 | _aP155 | ||
| 526 | _aP154 | ||
| 526 | _aP153 | ||
| 526 | _aP150 | ||
| 526 | _aP100 | ||
| 526 | _aP31 | ||
| 526 | _aP30 | ||
| 526 | _aP26 | ||
| 526 | _aP25 | ||
| 526 | _aP24 | ||
| 526 | _aP22 | ||
| 526 | _aP15 | ||
| 526 | _aP10 | ||
| 541 | _g015-0011404; | ||
| 650 | 0 | 4 | _aFísica. |
| 700 | 1 |
_aJewett, John W. Jr., _eautor. |
|
| 910 |
_agl _bjv _clch _d20100413 |
||
| 942 |
_2ddc _cBOOK |
||
| 949 |
_a530 S42 _wDEWEY _c1 _i61312 _lCCODEBUL1 _mBUL _p45.00 _r0 _sY _tBOOK _u2015-7-6 _xINGENIERIA _zUNKNOWN _0COMPRA _o.STAFF. Colección General |
||
| 994 |
_aC0 _bPEPRU |
||
| 596 | _a1 | ||
| 999 |
_a530 S42 _wDEWEY _c50574 _i61312 _d50574 _e2017-5-8 _f2021-11-9 _g7 _lCCODEBUL1 _mBUL _n1 _p45.00 _q2 _r0 _sY _tBOOK _u2015-7-6 _xINGENIERIA _zUNKNOWN _0COMPRA _o.STAFF. Colección General |
||
| 980 |
_81 _gALBERTO SANCHEZ Responsable de Automatización |
||